Film Charaktere erraten mit Bildern - Statistiken

Allgemein
  • Dieses Quiz wurde 1.267 mal gespielt
  • Das Durchschnittsergebnis liegt bei 7 aus 16
Antwortstatistiken
Bildquiz Antwort % Korrekt
Kevin McCallister
99%
Forrest Gump
87%
Luke Skywalker
87%
Wolverine
72%
Indiana Jones
71%
Cruella De Vil
60%
Woody
56%
Maverick
44%
Feivel
24%
Mr. Wilson
24%
Bridget Jones
19%
Tyler Durden
19%
Dennis
15%
Gizmo
15%
Sidney Prescott
7%
Dolores van Cartier
6%
Keine übereinstimmenden Quizze gefunden
Verteilung der Resultate
Anzahl Personen mit jedem Resultat
Perzentil nach korrekt beantworteten Fragen
Ihre Resultats-Entwicklung
Sie haben dieses Quiz noch nicht gespielt